| 000 | 01580cam a22004334i 4500 | ||
|---|---|---|---|
| 003 | PE-LiUPU | ||
| 005 | 20250731173331.0 | ||
| 008 | 150625s2007 bl a r 000 0 spa d | ||
| 020 | _a9788587672131 | ||
| 035 | _a(Sirsi) a39657 | ||
| 040 |
_aPE-LiUPU _bspa _cPE-LiUPU _erda |
||
| 082 | 0 | 4 |
_a254.1 _bA135g _221 |
| 100 | 1 |
_aAbdala, Emilio, _eautor. |
|
| 245 | 1 | 0 |
_aGuía de Plantio de igrejas / _cEmilio Abdala. |
| 264 | 1 |
_aCachoira : _bInstituto de Crescimento de Igreja, _c2007. |
|
| 300 |
_a76 páginas ; _c21 centímetros |
||
| 336 |
_atext _2rdacontent |
||
| 337 |
_aunmediated _2rdamedia |
||
| 338 |
_avolume _2rdacarrier |
||
| 505 | 0 | _aPor Que plantar semestes?. -Canterios Com poder reproductivo. -Tipos de plantadores de semestes. -Canterios de mudas e semestes productivas. -O solo ideal para o cultivo das sementes diferentes practicas de semeaduras. -Regando a sementerira. -A sementeira germina. -Cultivando a nova planta. . | |
| 526 | _aSEG42 | ||
| 526 | _aSEG41 | ||
| 526 | _aSEG40 | ||
| 526 | _aSEG39 | ||
| 526 | _aP94 | ||
| 526 | _aP87 | ||
| 526 | _aP86 | ||
| 526 | _aP85 | ||
| 526 | _aP77 | ||
| 526 | _aP76 | ||
| 526 | _aP35 | ||
| 650 | 0 | 4 | _aCrecimiento de iglesia. |
| 650 | 0 | 4 |
_aEvangelismo. _9953 |
| 942 |
_2ddc _cBOOK |
||
| 949 |
_a269.2 A12 _wDEWEY _c1 _i59220 _lCCODEBUL1 _mBUL _p5.00 _r0 _sY _tBOOK _u2015-06-25 _xBIBLIOTECA _0COMPRA _o.STAFF. Colección General |
||
| 980 |
_81 _gALBERTO SANCHEZ Responsable de Automatización |
||
| 999 |
_c48056 _d48056 |
||